[Event "Titled Tuesday intern op 04th Mar Early"]
[Site "Chess.com INT"]
[Date "2025.03.04"]
[Round "7"]
[White "Dudkina, Uliana"]
[Black "Nayem, Haque"]
[Result "0-1"]
[WhiteElo "2027"]
[BlackElo "2180"]
[PlyCount "84"]
[EventDate "2025.03.04"]
[EventType "swiss (blitz)"]
[EventRounds "11"]
[EventCountry "USA"]
[SourceTitle "CB11_2025"]
[SourceDate "2025.03.12"]
[SourceVersion "1"]
[SourceVersionDate "2025.03.12"]
[SourceQuality "1"]

1. e4 c5 2. Nf3 Nc6 3. Bb5 d6 4. 0-0 Nf6 5. Re1 e5 6. c3 a6 7. Bxc6+ bxc6 8. d4 cxd4 9. cxd4 exd4 10. e5 dxe5 11. Nxe5 Be6 12. Nxc6 Qd5 13. Nxd4 Bc5 14. Nxe6 fxe6 15. Qxd5 Nxd5 16. Nd2 Kd7 17. Ne4 Be7 18. Bd2 Rhb8 19. b3 Rc8 20. Bg5 Bb4 21. Re2 Rc6 22. Rd1 Rac8 23. Bd2 Ba3 24. Kf1 h6 25. Be3 Rc2 26. Bd4 Bf8 27. Be5 a5 28. Rxc2 Rxc2 29. Rd2 Rc1+ 30. Ke2 Bb4 31. Rd1 Rc2+ 32. Kf3 g5 33. a4 Ke7 34. g3 Kf7 35. Rd3 Kg6 36. g4 Ra2 37. Kg3 Rc2 38. h4 gxh4+ 39. Kxh4 Re2 40. f3 Be7+ 41. Kg3 Bb4 42. Bf4 Be1+ 0-1

[Event "Titled Tuesday intern op 04th Mar Early"]
[Site "Chess.com INT"]
[Date "2025.03.04"]
[Round "3"]
[White "February, Jesse Nikki"]
[Black "Nayem, Haque"]
[Result "0-1"]
[WhiteElo "2052"]
[BlackElo "2180"]
[PlyCount "52"]
[EventDate "2025.03.04"]
[EventType "swiss (blitz)"]
[EventRounds "11"]
[EventCountry "USA"]
[SourceTitle "CB11_2025"]
[SourceDate "2025.03.12"]
[SourceVersion "1"]
[SourceVersionDate "2025.03.12"]
[SourceQuality "1"]

1. e4 c5 2. Nf3 d6 3. d4 cxd4 4. Nxd4 Nf6 5. Nc3 a6 6. a4 e6 7. g3 Be7 8. Bg2 0-0 9. 0-0 Nbd7 10. h3 Qc7 11. Be3 Rd8 12. g4 h6 13. f4 Nh7 14. Nb3 Nc5 15. Qd2 Bd7 16. a5 Rac8 17. Rfd1 Bc6 18. Qf2 Qb8 19. Nxc5 dxc5 20. e5 Bxg2 21. Kxg2 Nf8 22. Ne4 Qc7 23. Rd2 Ng6 24. h4 Qc6 25. Kf3 Nxh4+ 26. Qxh4 Bxh4 0-1

[Event "Titled Tuesday intern op 04th Mar Early"]
[Site "Chess.com INT"]
[Date "2025.03.04"]
[Round "4"]
[White "Trifonov, Denis"]
[Black "Nayem, Haque"]
[Result "1-0"]
[WhiteElo "2163"]
[BlackElo "2180"]
[PlyCount "33"]
[EventDate "2025.03.04"]
[EventType "swiss (blitz)"]
[EventRounds "11"]
[EventCountry "USA"]
[SourceTitle "CB11_2025"]
[SourceDate "2025.03.12"]
[SourceVersion "1"]
[SourceVersionDate "2025.03.12"]
[SourceQuality "1"]

1. d4 d5 2. Nf3 Nf6 3. g3 e6 4. Bg2 Bd6 5. 0-0 0-0 6. b3 c5 7. Bb2 Nc6 8. Nbd2 cxd4 9. Nxd4 Nxd4 10. Bxd4 e5 11. Bb2 Be6 12. c4 Qe7 13. cxd5 Bxd5 14. Bxd5 Nxd5 15. Nc4 b5 16. Nxd6 Qxd6 17. e4 1-0

[Event "Titled Tuesday intern op 11th Feb Early"]
[Site "Chess.com INT"]
[Date "2025.02.11"]
[Round "3"]
[White "February, Jesse Nikki"]
[Black "Nayem, Haque"]
[Result "0-1"]
[WhiteElo "2052"]
[BlackElo "2180"]
[PlyCount "30"]
[EventDate "2025.02.11"]
[EventType "swiss (blitz)"]
[EventRounds "11"]
[EventCountry "USA"]
[SourceTitle "CB09_2025"]
[SourceDate "2025.02.27"]
[SourceVersion "1"]
[SourceVersionDate "2025.02.27"]
[SourceQuality "1"]

1. e4 c5 2. Nf3 d6 3. d4 cxd4 4. Nxd4 Nf6 5. Nc3 a6 6. a4 e6 7. Be2 Be7 8. Be3 0-0 9. h3 Nbd7 10. f4 Nc5 11. Bf3 d5 12. e5 Nfe4 13. Nxe4 dxe4 14. Be2 Bh4+ 15. Bf2 e3 0-1

[Event "Titled Tuesday intern op 11th Feb Early"]
[Site "Chess.com INT"]
[Date "2025.02.11"]
[Round "5"]
[White "Vyom, Malhotra"]
[Black "Nayem, Haque"]
[Result "1-0"]
[WhiteElo "1901"]
[BlackElo "2180"]
[PlyCount "45"]
[EventDate "2025.02.11"]
[EventType "swiss (blitz)"]
[EventRounds "11"]
[EventCountry "USA"]
[SourceTitle "CB09_2025"]
[SourceDate "2025.02.27"]
[SourceVersion "1"]
[SourceVersionDate "2025.02.27"]
[SourceQuality "1"]

1. e4 c5 2. Nc3 d6 3. f4 Nc6 4. Nf3 g6 5. Bb5 Bg7 6. 0-0 e6 7. d3 Nge7 8. Qe1 0-0 9. Qg3 Nd4 10. Nxd4 Bxd4+ 11. Kh1 d5 12. e5 a6 13. Ba4 b5 14. Bb3 c4 15. dxc4 dxc4 16. Ne4 cxb3 17. Nf6+ Kg7 18. f5 Nxf5 19. Rxf5 exf5 20. Bh6+ Kh8 21. Qh3 f4 22. Bg7+ Kxg7 23. Qxh7# 1-0

[Event "Titled Tuesday intern op 28th Jan Early"]
[Site "Chess.com INT"]
[Date "2025.01.28"]
[Round "9"]
[White "Nayem, Haque"]
[Black "Bratovic, Blaz"]
[Result "0-1"]
[WhiteElo "2180"]
[BlackElo "2325"]
[PlyCount "94"]
[EventDate "2025.01.28"]
[EventType "swiss (blitz)"]
[EventRounds "11"]
[EventCountry "USA"]
[SourceTitle "CB06_2025"]
[SourceDate "2025.02.05"]
[SourceVersion "1"]
[SourceVersionDate "2025.02.05"]
[SourceQuality "1"]

1. e4 c5 2. Nf3 Nc6 3. d4 cxd4 4. Nxd4 Nf6 5. Nc3 e5 6. Ndb5 d6 7. Bg5 a6 8. Na3 b5 9. Nd5 Be7 10. Bxf6 Bxf6 11. Bd3 Bg5 12. c3 Rb8 13. Nc2 Ne7 14. Ncb4 Bb7 15. h4 Bh6 16. g4 Nxd5 17. exd5 Bf4 18. g5 Rc8 19. a4 Qb6 20. axb5 axb5 21. Qe2 0-0 22. Qe4 g6 23. h5 Qd8 24. hxg6 hxg6 25. Rg1 Ra8 26. Rd1 Kg7 27. Bxb5 Bxg5 28. Qg4 Bf4 29. Bd3 Qf6 30. Ke2 e4 31. Bxe4 Rfe8 32. f3 Bc8 33. Qg2 Bf5 34. Rh1 Qe7 35. Kd3 Bxe4+ 36. fxe4 Qb7 37. Qg4 Be5 38. Rdf1 Qb5+ 39. Kc2 Qa4+ 40. Kd2 Qb3 41. Qh4 Rh8 42. Rxf7+ Kxf7 43. Rf1+ Kg8 44. Qe7 Qxb2+ 45. Nc2 Qxc3+ 46. Ke2 Qxc2+ 47. Ke3 Ra3# 0-1

[Event "Titled Tuesday intern op 28th Jan Early"]
[Site "Chess.com INT"]
[Date "2025.01.28"]
[Round "2"]
[White "Nayem, Haque"]
[Black "Kozlov, Denis1"]
[Result "1-0"]
[WhiteElo "2180"]
[BlackElo "2123"]
[PlyCount "115"]
[EventDate "2025.01.28"]
[EventType "swiss (blitz)"]
[EventRounds "11"]
[EventCountry "USA"]
[SourceTitle "CB06_2025"]
[SourceDate "2025.02.05"]
[SourceVersion "1"]
[SourceVersionDate "2025.02.05"]
[SourceQuality "1"]

1. e4 c6 2. Nf3 d5 3. Nc3 dxe4 4. Nxe4 Nf6 5. Qe2 Nxe4 6. Qxe4 Qd5 7. Qh4 Qe6+ 8. Be2 Qg4 9. 0-0 Qxh4 10. Nxh4 g6 11. d4 Bg7 12. c3 0-0 13. Nf3 b6 14. Bc4 Nd7 15. Re1 e6 16. Ng5 Nf6 17. Bf4 Bb7 18. Be5 Rfd8 19. h3 Rac8 20. g4 h6 21. Nxe6 fxe6 22. Bxe6+ Kf8 23. Bxc8 Bxc8 24. Bg3 Kf7 25. Re2 Be6 26. Rae1 Re8 27. Bd6 Ng8 28. f4 Bd7 29. Be5 Bf8 30. Rf1 Ne7 31. c4 h5 32. Rg2 b5 33. b3 Be6 34. c5 Nd5 35. f5 gxf5 36. gxf5 Bc8 37. Rg6 Bd7 38. Rg5 h4 39. Rh5 Ne3 40. Rh7+ Kg8 41. Rxd7 Nxf1 42. Kxf1 Bxc5 43. Rg7+ Kf8 44. Rh7 Bb6 45. Rh8+ Kf7 46. Rh7+ Kf8 47. Rxh4 c5 48. Rh8+ Kf7 49. Rxe8 Kxe8 50. d5 Kf7 51. h4 c4 52. bxc4 bxc4 53. Ke2 Bd8 54. h5 Bg5 55. Kd1 Kf8 56. Kc2 Ke8 57. Kc3 Bf6 58. Bxf6 1-0

[Event "Titled Tuesday intern op 07th Jan Early"]
[Site "Chess.com INT"]
[Date "2025.01.07"]
[Round "4"]
[White "Nayem, Haque"]
[Black "Ziatdinov, Raset"]
[Result "1-0"]
[WhiteElo "2180"]
[BlackElo "2030"]
[PlyCount "61"]
[EventDate "2025.01.07"]
[EventType "swiss (blitz)"]
[EventRounds "11"]
[EventCountry "USA"]
[SourceTitle "CB03_2025"]
[SourceDate "2025.01.15"]
[SourceVersion "1"]
[SourceVersionDate "2025.01.15"]
[SourceQuality "1"]

1. e4 c6 2. Nc3 d5 3. Nf3 dxe4 4. Nxe4 Nf6 5. Qe2 Nxe4 6. Qxe4 Nd7 7. Bc4 Nf6 8. Ne5 e6 9. Qe2 Bd6 10. d4 0-0 11. Bg5 Be7 12. 0-0-0 Qc7 13. h4 a5 14. Bd3 a4 15. h5 Nd5 16. Bxe7 Qxe7 17. a3 c5 18. dxc5 Qxc5 19. g4 Ra5 20. g5 Nf4 21. Qe4 Nxd3+ 22. Nxd3 Qxg5+ 23. f4 Qf5 24. Qd4 Qd5 25. Qb4 Qb5 26. Qc3 h6 27. Rhg1 f6 28. Qc7 Bd7 29. Nb4 Rf7 30. Qd8+ Be8 31. Rge1 1-0

[Event "BAN-ch 48th"]
[Site "Dhaka"]
[Date "2024.07.02"]
[Round "9"]
[White "Nayem, Haque"]
[Black "Ahmed, Sk Nasir"]
[Result "1/2-1/2"]
[WhiteElo "2187"]
[BlackElo "2112"]
[PlyCount "89"]
[EventDate "2024.06.23"]
[EventType "tourn"]
[EventRounds "13"]
[EventCountry "BAN"]
[SourceTitle "EXT 2025"]
[Source "ChessBase"]
[SourceDate "2024.10.14"]
[SourceVersion "1"]
[SourceVersionDate "2024.10.14"]
[SourceQuality "1"]

1. e4 c5 2. Nf3 e6 3. d4 cxd4 4. Nxd4 Nc6 5. Nc3 Nf6 6. Nxc6 bxc6 7. Bd3 d5 8. Qe2 Be7 9. 0-0 0-0 10. Re1 Re8 11. Bg5 Bb7 12. Rad1 Nd7 13. Bxe7 Rxe7 14. Na4 Qa5 15. b3 Nb6 16. exd5 cxd5 17. Qh5 h6 18. Re4 Nxa4 19. Rxa4 Qc3 20. Qf3 Rc7 21. Qe3 a5 22. Rg4 Kf8 23. Qg3 Rd7 24. h3 Ba6 25. Bxa6 Qxg3 26. Rxg3 Rxa6 27. Rg4 Rc7 28. c4 dxc4 29. Rxc4 Rxc4 30. bxc4 Rc6 31. Rd8+ Ke7 32. Ra8 Rc5 33. Kf1 Kf6 34. Ke2 Rxc4 35. Rxa5 Rc2+ 36. Ke3 g5 37. a4 Ra2 38. Ra8 Ra3+ 39. Ke4 Ra2 40. Kf3 Ra3+ 41. Ke4 Ra2 42. Kf3 Ra3+ 43. Ke4 Ra2 44. Kf3 Ra3+ 45. Ke4 1/2-1/2

[Event "BAN-ch 48th"]
[Site "Dhaka"]
[Date "2024.06.26"]
[Round "4"]
[White "Nayem, Haque"]
[Black "Murshed, Niaz"]
[Result "1/2-1/2"]
[WhiteElo "2187"]
[BlackElo "2317"]
[PlyCount "30"]
[EventDate "2024.06.23"]
[EventType "tourn"]
[EventRounds "13"]
[EventCountry "BAN"]
[SourceTitle "EXT 2025"]
[Source "ChessBase"]
[SourceDate "2024.10.14"]
[SourceVersion "1"]
[SourceVersionDate "2024.10.14"]
[SourceQuality "1"]

1. e4 e5 2. Nf3 Nc6 3. Bc4 Nf6 4. Ng5 d5 5. exd5 Na5 6. Bb5+ c6 7. dxc6 bxc6 8. Bd3 Ng4 9. Nh3 Bd6 10. Nc3 f5 11. Be2 0-0 12. d3 Nb7 13. Ng5 Nf6 14. d4 Qc7 15. dxe5 Bxe5 1/2-1/2

[Event "BAN-ch 48th"]
[Site "Dhaka"]
[Date "2024.06.24"]
[Round "2"]
[White "Nayem, Haque"]
[Black "Chatterjee, Debaraj"]
[Result "1/2-1/2"]
[WhiteElo "2187"]
[BlackElo "2132"]
[PlyCount "48"]
[EventDate "2024.06.23"]
[EventType "tourn"]
[EventRounds "13"]
[EventCountry "BAN"]
[SourceTitle "EXT 2025"]
[Source "ChessBase"]
[SourceDate "2024.10.14"]
[SourceVersion "1"]
[SourceVersionDate "2024.10.14"]
[SourceQuality "1"]

1. e4 c5 2. Nc3 Nc6 3. Nge2 e5 4. Nd5 Nf6 5. Nec3 Nxd5 6. Nxd5 d6 7. Bc4 Be6 8. d3 Be7 9. 0-0 0-0 10. f4 exf4 11. Bxf4 Na5 12. Rf2 a6 13. Qd2 Nc6 14. a4 Kh8 15. Raf1 Bh4 16. g3 Be7 17. Nxe7 Qxe7 18. Bg5 f6 19. Bxe6 Qxe6 20. Qd1 Kg8 21. Bd2 b5 22. Qa1 b4 23. b3 Rae8 24. Be3 Qd7 1/2-1/2

[Event "BAN-ch 48th"]
[Site "Dhaka"]
[Date "2024.06.23"]
[Round "1"]
[White "Zia, Tahsin Tajwar"]
[Black "Nayem, Haque"]
[Result "1/2-1/2"]
[WhiteElo "2241"]
[BlackElo "2187"]
[PlyCount "137"]
[EventDate "2024.06.23"]
[EventType "tourn"]
[EventRounds "13"]
[EventCountry "BAN"]
[SourceTitle "EXT 2025"]
[Source "ChessBase"]
[SourceDate "2024.10.14"]
[SourceVersion "1"]
[SourceVersionDate "2024.10.14"]
[SourceQuality "1"]

1. Nf3 d5 2. c4 c6 3. d4 e6 4. Qc2 Nf6 5. g3 Ne4 6. Bg2 f5 7. 0-0 Bd6 8. Nc3 0-0 9. Rb1 Nxc3 10. Qxc3 Nd7 11. Bf4 Bxf4 12. gxf4 Nf6 13. Ne5 Bd7 14. h3 Be8 15. Bf3 Bh5 16. Bxh5 Nxh5 17. e3 Rf6 18. Kh2 Rh6 19. f3 dxc4 20. Rg1 Nf6 21. Qxc4 Nd5 22. Qe2 Rc8 23. b4 Rc7 24. Rg5 Nc3 25. Qc2 Nxb1 26. Qxb1 Qd5 27. Rg2 Rf6 28. Rc2 Qd8 29. Qb3 Rh6 30. Rg2 Rf6 31. Qc3 Rh6 32. Qe1 Qf6 33. Qg3 Rh5 34. a3 Re7 35. Nd3 g6 36. Qf2 Rg7 37. Qg3 h6 38. Qe1 g5 39. Qg1 Rh4 40. Rg3 Kh7 41. Qg2 g4 42. Nf2 h5 43. Qg1 Rg6 44. Qf1 Qg7 45. Qg1 Qe7 46. Qb1 Qd6 47. Qb3 Qd7 48. Qc4 a6 49. Qc2 Qg7 50. Qd1 Qg8 51. Qf1 Qf8 52. Qb1 Qg7 53. Qf1 Qh6 54. Qd1 Qf8 55. Qb1 Qg8 56. Qd1 Qa8 57. Qb1 b6 58. Qc2 a5 59. Qc4 axb4 60. Qxb4 Qa7 61. Qd6 c5 62. Qd8 cxd4 63. Qxh4 dxe3 64. Nd3 Qd7 65. Ne5 Qd2+ 66. Kh1 Qe1+ 67. Kh2 Qf2+ 68. Kh1 Qe1+ 69. Kh2 1/2-1/2

[Event "Nakhon Nayok op 2nd"]
[Site "Nakhon Nayok"]
[Date "2024.04.06"]
[Round "3"]
[White "Manon, Reja Neer"]
[Black "Nayem, Haque"]
[Result "1/2-1/2"]
[WhiteElo "2285"]
[BlackElo "2115"]
[PlyCount "84"]
[EventDate "2024.04.05"]
[EventType "swiss"]
[EventRounds "9"]
[EventCountry "THA"]
[SourceTitle "EXT 2025"]
[Source "ChessBase"]
[SourceDate "2024.10.14"]
[SourceVersion "1"]
[SourceVersionDate "2024.10.14"]
[SourceQuality "1"]

1. e4 c5 2. Nf3 Nc6 3. b4 cxb4 4. d4 d6 5. d5 Nb8 6. Bb2 Nf6 7. Qd4 Nbd7 8. Qxb4 Qb6 9. Qxb6 Nxb6 10. Nbd2 Bd7 11. Rb1 g6 12. e5 dxe5 13. Nxe5 Bg7 14. Nxd7 Nbxd7 15. Bxf6 Nxf6 16. Rxb7 Nxd5 17. Bb5+ Kf8 18. c4 Nc3 19. Bd7 Bh6 20. Nb3 Nxa2 21. c5 a5 22. c6 a4 23. Na1 Kg7 24. c7 Bf4 25. g3 Be5 26. Kd2 Nc3 27. Re1 Bf6 28. Kd3 a3 29. Rc1 Nd5 30. Nb3 a2 31. c8Q Re8 32. Qxa8 Rxa8 33. Rc8 Ra3 34. Rc1 Ra8 35. Bc8 Bb2 36. Rc2 Ra3 37. Rc1 Ra8 38. Bd7 Bf6 39. Rc8 Ra3 40. Rc1 a1Q 41. Rxa1 Bxa1 42. Bc6 Nf6 1/2-1/2

[Event "Nakhon Nayok op 2nd"]
[Site "Nakhon Nayok"]
[Date "2024.04.06"]
[Round "4"]
[White "Nayem, Haque"]
[Black "Saragih, Arif Rahman"]
[Result "1/2-1/2"]
[WhiteElo "2115"]
[BlackElo "2245"]
[PlyCount "117"]
[EventDate "2024.04.05"]
[EventType "swiss"]
[EventRounds "9"]
[EventCountry "THA"]
[SourceTitle "EXT 2025"]
[Source "ChessBase"]
[SourceDate "2024.10.14"]
[SourceVersion "1"]
[SourceVersionDate "2024.10.14"]
[SourceQuality "1"]

1. e4 d5 2. exd5 Qxd5 3. Nc3 Qd6 4. d4 Nf6 5. Nf3 Bg4 6. Be2 e6 7. 0-0 Be7 8. h3 Bxf3 9. Bxf3 c6 10. Bg5 Nbd7 11. Qd2 0-0 12. Bf4 Qb4 13. Ne4 Nxe4 14. Qxb4 Bxb4 15. Bxe4 Nf6 16. Bf3 Nd5 17. Bg3 Rfd8 18. Rfd1 Rd7 19. c3 Be7 20. Bxd5 Rxd5 21. Kf1 Rad8 22. Ke2 b5 23. b4 Bf6 24. a4 a6 25. axb5 axb5 26. f4 Be7 27. Ra6 Rc8 28. Bf2 Kf8 29. Be3 Ke8 30. Rda1 Rd7 31. Ra8 Rxa8 32. Rxa8+ Bd8 33. Kf3 f5 34. g4 g6 35. Bf2 Kf7 36. Rc8 Rd6 37. Ra8 Rd7 38. Rc8 Bc7 39. gxf5 exf5 40. d5 cxd5 41. Bd4 Ke6 42. Bc5 d4 43. Bxd4 Kd5 44. Be5 Bb6 45. Rb8 Kc6 46. Ke2 Bg1 47. Ra8 Ra7 48. Rd8 Rd7 49. Ra8 Bb6 50. Rf8 Bd8 51. Re8 Rd5 52. Re6+ Kd7 53. Ra6 Kc8 54. Ra7 Rd7 55. Ra8+ Kb7 56. Rb8+ Kc6 57. Rc8+ Kb7 58. Rb8+ Kc6 59. Rxd8 1/2-1/2